| 000 | 00588nam a2200193 a 4500 | ||
|---|---|---|---|
| 001 | 000027343 | ||
| 005 | 20200930030751.0 | ||
| 008 | 110331s2001 dr 000 0 spa d | ||
| 020 | _a9993484806 | ||
| 040 |
_aDO-SdBNP _bspa _cBNPHU |
||
| 082 |
_axxx _bC389p |
||
| 100 | 1 |
_aCedeño, Rubén, _d1952- _935239 |
|
| 240 | 1 | 0 | _aMetafísica los pilares |
| 245 | 1 | 4 |
_aLos pilares de la metafísica / _cRubén Cedeño. |
| 260 |
_aSanto Domingo : _bSeñora Quisqueya, _c2001. |
||
| 300 |
_a86 p. ; _c21 cm. |
||
| 500 | _aIncluye datos biográficos del autor en la contracubierta | ||
| 049 | _aBNPD | ||
| 999 |
_c26835 _d26835 |
||